000 00701nam a2200229Ia 4500
005 20250108124745.0
008 008 250107s9999 xx 000 0 eng d
020 _a978-1-119-69268-3
037 _aTB
040 _aCRL
_beng
_cCRL
041 _aeng
_2eng
084 _aL45:424C R0
084 _qCRL
100 _aSharma Sanjeev (PGDAV) Au.; Pardeep Singh Au.
_9729714
245 0 _aWetlands conservation: current challenges and future strategies
_cSharma Sanjeev (PGDAV) Au.; Pardeep Singh Au.
260 _aWest, UK
_bSussex Wiley Blackwell
_c2068
300 _axxi,292p.
365 _aINR
_b0
650 _aBIOLOGY
942 _cTB
_hL45:424C R0
999 _c1234456
_d1234456